Nguyên lý tứ trụ trong truyền thống kiến trúc

Enregistré dans:
Détails bibliographiques
Auteur principal: KHAI K PHAM
Format: Livre
Langue:Undetermined
Publié: Mỹ thuật 2002
Tags: Ajouter un tag
Pas de tags, Soyez le premier à ajouter un tag!
Thư viện lưu trữ: Trung tâm Học liệu Trường Đại học Cần Thơ
LEADER 00437nam a2200145Ia 4500
001 CTU_48623
008 210402s9999 xx 000 0 und d
082 |a 720.1 
082 |b Kh103 
100 |a KHAI K PHAM 
245 0 |a Nguyên lý tứ trụ trong truyền thống kiến trúc 
245 0 |c KHAI K PHAM, Do c. Nguyen 
260 |b Mỹ thuật 
260 |c 2002 
980 |a Trung tâm Học liệu Trường Đại học Cần Thơ